Learning disabilities : (Record no. 11487)
[ view plain ]
| 000 -LEADER | |
|---|---|
| fixed length control field | 00866pam a2200265 i 4500 |
| 001 - CONTROL NUMBER | |
| control field | 1826323 |
| 005 - DATE AND TIME OF LATEST TRANSACTION | |
| control field | 20160709115433.0 |
| 008 - FIXED-LENGTH DATA ELEMENTS--GENERAL INFORMATION | |
| fixed length control field | 800506r1980 nyu b 001 0 eng |
| 010 ## - LIBRARY OF CONGRESS CONTROL NUMBER | |
| LC control number | 80015569 |
| 020 ## - INTERNATIONAL STANDARD BOOK NUMBER | |
| International Standard Book Number | 0446977322 : |
| Terms of availability | $5.95 ($6.95 Can) |
| 040 ## - CATALOGING SOURCE | |
| Original cataloging agency | DLC |
| Transcribing agency | DLC |
| Modifying agency | DLC |
| 050 10 - LIBRARY OF CONGRESS CALL NUMBER | |
| Classification number | LC4704 |
| Item number | .O83 1980 |
| 082 00 - DEWEY DECIMAL CLASSIFICATION NUMBER | |
| Classification number | 371.9 |
| 100 1# - MAIN ENTRY--PERSONAL NAME | |
| Personal name | Osman, Betty B. |
| 245 10 - TITLE STATEMENT | |
| Title | Learning disabilities : |
| Remainder of title | a family affair / |
| Statement of responsibility, etc. | Betty B. Osman. |
| 250 ## - EDITION STATEMENT | |
| Edition statement | Warner Books ed. |
| 260 ## - PUBLICATION, DISTRIBUTION, ETC. (IMPRINT) | |
| Place of publication, distribution, etc. | New York : |
| Name of publisher, distributor, etc. | Warner Books, |
| Date of publication, distribution, etc. | [1980] c1979. |
| 300 ## - PHYSICAL DESCRIPTION | |
| Extent | viii, 224 p. ; |
| Dimensions | 21 cm. |
| 500 ## - GENERAL NOTE | |
| General note | Reprint of the ed. published by Random House, New York. |
| 500 ## - GENERAL NOTE | |
| General note | Includes index. |
| 504 ## - BIBLIOGRAPHY, ETC. NOTE | |
| Bibliography, etc | Bibliography: p. [159]-166. |
| 650 #0 - SUBJECT ADDED ENTRY--TOPICAL TERM | |
| Topical term or geographic name as entry element | Learning disabilities. |
| 906 ## - LOCAL DATA ELEMENT F, LDF (RLIN) | |
| a | 7 |
| b | cbc |
| c | orignew |
| d | 1 |
| e | ocip |
| f | 19 |
| g | y-gencatlg |
| 942 ## - ADDED ENTRY ELEMENTS (KOHA) | |
| Source of classification or shelving scheme | |
| Koha item type | Hard Covered Materials |
| Classification part | LC 4707 .O83 1980 |
| Withdrawn status | Lost status | Source of classification or shelving scheme | Damaged status | Not for loan | Home library | Current library | Shelving location | Date acquired | Source of acquisition | Total Checkouts | Full call number | Barcode | Date last seen | Price effective from | Koha item type |
|---|---|---|---|---|---|---|---|---|---|---|---|---|---|---|---|
| MACHAKOS UNIVERSITY LIBRARY | MACHAKOS UNIVERSITY LIBRARY | Open shelf | 09/07/2016 | Donation (BFA) | LC 4707 .O83 1980 | 20886 | 09/07/2016 | 09/07/2016 | Hard Covered Materials |